30 Largest Cities in Ohio - Statistics

General Stats
  • This quiz has been taken 19 times
  • The average score is 16 of 30
Answer Stats
Hint Answer % Correct
189,664 Akron
100%
314,915 Cincinnati
100%
365,379 Cleveland
100%
933,263 Columbus
100%
136,346 Dayton
100%
265,638 Toledo
100%
59,123 Youngstown
94%
69,211 Canton
88%
79,350 Parma
76%
58,138 Springfield
71%
63,953 Hamilton
59%
65,751 Lorain
59%
48,421 Euclid
53%
53,604 Elyria
47%
47,593 Mansfield
47%
44,064 Cleveland Heights
41%
49,456 Dublin
41%
57,028 Kettering
41%
51,424 Newark
41%
50,979 Cuyahoga Falls
35%
49,517 Lakewood
35%
48,012 Beavercreek
29%
46,521 Delaware
29%
41,671 Lancaster
29%
45,768 Strongsville
29%
45,094 Fairfield
24%
43,590 Huber Heights
24%
47,113 Mentor
24%
44,019 Grove City
18%
42,897 Reynoldsburg
12%
No matching quizzes found
Score Distribution
Percent of People with Each Score
Percentile by Number Answered
Your Score History
You have not taken this quiz